| 000 | 00411nam a2200157 i 4500 | ||
|---|---|---|---|
| 001 | 29884 | ||
| 003 | ES-MaACL | ||
| 005 | 20230906154114.0 | ||
| 007 | t| | ||
| 008 | 030123s1972 sp ||||1| spa d | ||
| 100 | 1 |
_aBaselga, Eduardo. _926277 |
|
| 245 | 1 | 4 |
_aLos drogadictos / _cEduardo Baselga. |
| 260 |
_aMadrid : _bGuadarrama, _c[1972] |
||
| 300 |
_a266 p. ; _c18 cm. |
||
| 852 |
_aES-MaACL _jC-46046 _bR.81175 |
||
| 999 |
_c29884 _d29884 |
||